| 000 | 01200nam a2200301 i 4500 | ||
|---|---|---|---|
| 005 | 20260406120433.0 | ||
| 008 | 260329s2025 my a gr 000 0bmay d | ||
| 020 |
_a9786299948452 _cRM21.00 _qpaperback |
||
| 040 |
_aPPAK _beng _cPPAK _erda |
||
| 082 | 0 | 4 |
_223 _a297.122427 |
| 090 | 0 | 0 |
_a297.122427 _bFAT _dG |
| 100 | 0 |
_aFathyakan, _eauthor. |
|
| 245 | 1 | 0 |
_6880-01 _aDI SEBALIK KALIMAH : _bMenyelami Rahsia Tadabbur Juz 'Amma. _nSIRI 1, _pSurah An-Nas hingga Surah Al-Zalzalah / _cPenulis: Fathyakan ; Editor: Mawaddah |
| 246 | 3 | 1 |
_aBayna kalimat = _bDi sebalik kalimah |
| 264 | 1 |
_aSeremban, Negeri Sembilan : _bThyora International Sdn. Bhd., _c2025 |
|
| 300 |
_aiii, 166 pages ; _c21 cm |
||
| 336 |
_atext _2rdacontent |
||
| 337 |
_aunmediated _2rdamedia |
||
| 338 |
_avolume _2rdacarrier |
||
| 500 | _aContains verses from the Qur'an and quotes from the Hadith. | ||
| 504 | _aBibliography: page 165. | ||
| 630 | 0 | 4 |
_aQur'an. _pSurat An-Nas - Al-Zalzalah _xCriticism, interpretation, etc. |
| 650 | 1 | 0 |
_aQur'an _xReading |
| 650 | 2 | 0 |
_aQur'an _xRecitation |
| 700 | 0 |
_aMawaddah, _eeditor. |
|
| 880 | 1 | 0 |
_6245-01/(3/l _aبين كلمات |
| 942 |
_2ddc _cB |
||
| 999 |
_c203543 _d203543 |
||